[Event "EU-chT Seniors 05th"]
[Site "Dresden"]
[Date "2003.02.24"]
[Round "2.2"]
[White "Starke, Burkhard"]
[Black "Krawiec, Witold"]
[Result "1/2-1/2"]
[WhiteElo "2080"]
[BlackElo "1903"]
[PlyCount "60"]
[EventDate "2003.02.23"]
[EventType "team-swiss"]
[EventRounds "7"]
[EventCountry "GER"]
[SourceTitle "EXT 2005"]
[Source "ChessBase"]
[SourceDate "2004.11.15"]
[SourceVersion "1"]
[SourceVersionDate "2004.11.15"]
[SourceQuality "1"]

1. Nf3 c5 2. b3 d6 3. Bb2 e5 4. e4 Be6 5. a4 Nc6 6. Na3 Be7 7. Bc4 Qd7 8. 0-0 Nh6 9. c3 f5 10. Bxe6 Qxe6 11. exf5 Qxf5 12. d3 0-0 13. Nc2 Rf7 14. Ne3 Qg6 15. Ne1 Raf8 16. Qe2 Nf5 17. Nxf5 Rxf5 18. Qe4 Qe6 19. c4 Rf4 20. Qe2 Qg6 21. f3 Nd8 22. Nc2 Ne6 23. Ne3 R4f7 24. Nd5 Bd8 25. Qe4 Qh5 26. Bc1 Nd4 27. Rb1 a5 28. Rb2 g5 29. Rbf2 Kg7 30. Be3 Ne6 1/2-1/2

[Event "EU-chT Seniors 03rd"]
[Site "Dresden"]
[Date "2001.02.27"]
[Round "2.3"]
[White "Brameyer, Hermann"]
[Black "Krawiec, Witold"]
[Result "1-0"]
[WhiteElo "2215"]
[BlackElo "2000"]
[PlyCount "89"]
[EventDate "2001.02.26"]
[EventType "team-swiss"]
[EventRounds "7"]
[EventCountry "GER"]
[SourceTitle "EXT 2005"]
[Source "ChessBase"]
[SourceDate "2004.11.15"]
[SourceVersion "1"]
[SourceVersionDate "2004.11.15"]
[SourceQuality "1"]

1. d4 d5 2. Nf3 Nf6 3. c4 e6 4. Nc3 c6 5. Bg5 Be7 6. e3 0-0 7. Qc2 Nbd7 8. Rd1 b6 9. Bd3 dxc4 10. Bxc4 Nd5 11. Bxe7 Qxe7 12. Nxd5 cxd5 13. Bd3 Nf6 14. 0-0 Bb7 15. Rc1 Rfc8 16. Qa4 Rxc1 17. Rxc1 Rc8 18. Rxc8+ Bxc8 19. Ne5 Qb7 20. Qc6 g6 21. g4 Qxc6 22. Nxc6 Bd7 23. g5 Bxc6 24. gxf6 Kf8 25. Kg2 h6 26. Kg3 Ke8 27. h4 Kd7 28. b4 b5 29. h5 g5 30. Bg6 Ke8 31. Bh7 Kd8 32. f4 gxf4+ 33. Kxf4 Kc7 34. Ke5 Be8 35. e4 dxe4 36. Bxe4 Bc6 37. Bd3 a6 38. Bh7 Kd7 39. Bg8 Ke8 40. Kf4 Bd5 41. a3 Bb7 42. Bh7 Kd7 43. Bc2 Kd6 44. Bg6 fxg6 45. hxg6 1-0